| 000 | 00483nam a2200205Ia 4500 | ||
|---|---|---|---|
| 008 | 170918s9999 xx 000 0 und d | ||
| 020 | _a9780547576831 | ||
| 050 | _bR455 2006 | ||
| 100 | _aRex, Adam | ||
| 245 | _aFrankenstein : | ||
| 245 | _bmakes a sandwich / | ||
| 245 | _cby Adam Rex. | ||
| 260 | _aBoston : | ||
| 260 | _bHoughton Mifflin Company, | ||
| 260 | _c2006 | ||
| 300 | _a40 pages : | ||
| 300 | _bcolored illustration ; | ||
| 300 | _c24cm. | ||
| 500 | _a670 | ||
| 999 |
_c342926 _d342926 |
||